Essentials of Communication and Education Technology for B.Sc. Nursing Students (Record no. 252342)

MARC details
000 -LEADER
fixed length control field 00473pam a2200169a 44500
008 - FIXED-LENGTH DATA ELEMENTS--GENERAL INFORMATION
fixed length control field 230405s2020 xxu||||| |||| 00| 0 eng d
020 ## - INTERNATIONAL STANDARD BOOK NUMBER
International Standard Book Number 9789388178587
Terms of availability Rs.525
082 ## - DEWEY DECIMAL CLASSIFICATION NUMBER
Classification number 610.730711
Item number GOP
100 ## - MAIN ENTRY--PERSONAL NAME
Personal name Gopichandran, L.
245 ## - TITLE STATEMENT
Title Essentials of Communication and Education Technology for B.Sc. Nursing Students
250 ## - EDITION STATEMENT
Edition statement 2nd Ed.
260 ## - PUBLICATION, DISTRIBUTION, ETC.
Place of publication, distribution, etc. New Delhi
Name of publisher, distributor, etc. CBS Pub.
Date of publication, distribution, etc. 2020
300 ## - PHYSICAL DESCRIPTION
Extent 304 P.
502 ## - DISSERTATION NOTE
Dissertation note text
700 ## - ADDED ENTRY--PERSONAL NAME
Personal name Kanniammal,C.
906 ## - LOCAL DATA ELEMENT F, LDF (RLIN)
a 004313

No items available.